Normal view
MARC view
Entry Topical Term
001 - CONTROL NUMBER
- control field: 181013
003 - CONTROL NUMBER IDENTIFIER
- control field: OSt
005 - DATE AND TIME OF LATEST TRANSACTION
- control field: 20241001110916.0
008 - FIXED-LENGTH DATA ELEMENTS
- fixed length control field: 241001|| aca||aabn | a|a d
040 ## - CATALOGING SOURCE
- Original cataloging agency: OSt
- Transcribing agency: OSt
150 ## - HEADING--TOPICAL TERM
- Topical term or geographic name entry element: Chemmeen
670 ## - SOURCE DATA FOUND
- Source citation: Work cat.: (OSt)91594: PILLAI (Thakazhi Sivasankara) തകഴി ശിവശങ്കര പിള്ളൈ 181011, Chemmeen, 2017